MARC

LEADER 00000nam0a2200000 4500
001 279378
005 20231101235214.0
035 |a (RuTPU)RU\TPU\book\302656 
090 |a 279378 
100 |a 20141218d1979 k y0rusy50 ca 
101 0 |a rus 
102 |a RU 
105 |a a z 001zy 
200 1 |a Дайки рудных районов Восточной Якутии  |f Л. Н. Индолев  |g Академия наук СССР (АН СССР), Сибирское отделение (СО), Якутский филиал (ЯФ), Институт геологии 
210 |a Москва  |c Наука  |d 1979 
215 |a 196 с.  |c ил. 
320 |a Библиогр.: с. 189-194. 
606 1 |a Дайки  |x Петрография  |2 stltpush  |3 (RuTPU)RU\TPU\subj\4809  |9 33023 
610 1 |a Восточная Якутия 
610 1 |a геологическое строение 
610 1 |a магматизм 
610 1 |a поля 
610 1 |a возрастные группы 
610 1 |a генетические типы 
610 1 |a гидротермальное оруденение 
675 |a 552.2  |v 3 
700 1 |a Индолев  |b Л. Н.  |g Лев Николаевич 
712 0 2 |a Академия наук СССР (АН СССР)  |b Сибирское отделение (СО)  |b Якутский филиал (ЯФ)  |b Институт геологии  |c (Якутск)  |2 stltpush  |3 (RuTPU)RU\TPU\col\8181 
801 1 |a RU  |b 63413507  |c 20141218 
801 2 |a RU  |b 63413507  |c 20150122  |g RCR 
942 |c BK